000 00555nam a22001817a 4500
999 _c20481
_d20481
003 AR-CdUCM
008 190530b ||||| |||| 00| 0 spa d
040 _aMUNICIPALIDAD PROVINCIAL DEL CUSCO
_cBIBLIOTECA MUNICIPAL DEL CUSCO
082 _a510 /
_bL231
245 _aLaminas :
_brespuestas explicaciones /
260 _aMéxico :
_c1975.
300 _a133 páginas ;
_c28 cm.
505 _aContenido: Laminas explicativas.
650 _aLaminas explicativas
_942821
650 _aMatemáticas
_99398
942 _2ddc
_cLIBROS
945 _adavv
_d2019-05-30